|
|
|
|
| LEADER |
01216njm a2200409 a 4500 |
| 001 |
000530910 |
| 003 |
CZ BrMZK |
| 005 |
20000105143423.0 |
| 008 |
000105s2000 xr f cze d |
| 028 |
0 |
3 |
|a AV 015700-4
|b Avik
|
| 040 |
|
|
|a BOA001
|b cze
|
| 080 |
|
|
|a 784.4.03"2000"(086.7)
|2 MRF
|
| 110 |
2 |
|
|a Zvlášňý škola (hudební skupina)
|7 ko2002102575
|4 prf
|
| 245 |
1 |
0 |
|a Správná pětka
|h [zvukový záznam] /
|c Zvlášňý škola.
|
| 246 |
3 |
3 |
|a Bezdomovec
|
| 246 |
3 |
3 |
|a Bubáci
|
| 246 |
3 |
3 |
|a Gambler
|
| 246 |
3 |
3 |
|a Jinej svět
|
| 246 |
3 |
3 |
|a Mejdan
|
| 246 |
3 |
3 |
|a Modrobílá
|
| 246 |
3 |
3 |
|a Pohlavní turistika
|
| 246 |
3 |
3 |
|a Reklamy
|
| 246 |
3 |
3 |
|a Správná pětka
|
| 246 |
3 |
3 |
|a Svině
|
| 246 |
3 |
3 |
|a Viagra
|
| 246 |
3 |
3 |
|a Čas
|
| 260 |
|
|
|a Plzeň :
|b AVIK,
|c [2000]
|
| 300 |
|
|
|a 1 MC :
|b stereo, Dolby systém +
|e 1 složený list.
|
| 306 |
|
|
|a 004524
|
| 500 |
|
|
|a Nahr. neuv
|
| 500 |
|
|
|a Durata 45:24
|
| 505 |
2 |
|
|a Bezdomovec, Reklamy, Správná pětka ... [et al.]
|
| 653 |
0 |
|
|a rocková hudba
|
| 910 |
|
|
|a BOA001
|b KZ-0008.912
|
| 964 |
|
|
|a Hudba rocková
|z r.2000
|x MC
|
| 990 |
|
|
|a AV
|
| 996 |
6 |
|
|b 261H009600
|c KZ-0008.912
|l MZK
|r Sklad / do 24 hodin
|n 0
|p p.v.
|w 000530910
|u 000010
|a 1
|e BOA001
|j MZK50
|s P
|